• 首页
  • 本馆介绍
  • 公告通知
  • 最新文献
  • 馆藏检索
  • 电子资源
  • 读者导购
  • 参考咨询
  • 我的图书馆
  • 登录
  • 详细信息显示
  • 放入我的书架
  • 预约/预借图书
  • 作者相关作品
  • 分类相关作品
  • 丛书相关作品
  • 出版社相关作品

书目信息

  • 表格格式
  • 工作单格式
  • 卡片格式
题名:
函授夜大入学考试辅导
    
 
作者: 张辛已 编
分册:   政治部分
出版信息: 北京   中国展望出版社  1985
页数: 132页
开本: 19cm
丛书名:
单 册:
中图分类: G723.42 , G633.2
科图分类:
主题词: 政治--函授教育--学习参考资料
电子资源:
ISBN:
000 00667nam0 2200241 45
001 0185011975
005 20040427145908.5
010    @dCNY0.70
100    @a19951020d1985 em y0chiy0121 ea
101 0  @achi
102    @aCN@b110000
105    @ay z 000yy
106    @ar
200 10 @a函授夜大入学考试辅导@i政治部分@Ahan shou ye da ru xue kao shi fu dao@f张辛已等编
210    @a北京@c中国展望出版社@d1985
215    @a132页@d19cm
606    @a政治@x函授教育@x学习参考资料
690    @aG723.42@v3
690    @aG633.2
701  0 @a张辛已@4编@Azhang xin yi
801  0 @aCN@b深圳图书馆@c20040427
801  2 @aCN@bNLC@c20040427
905    @f1@b137486@dG633.2@e22
    
    函授夜大入学考试辅导.政治部分/张辛已等编.-北京:中国展望出版社,1985
    132页;19cm
    
    
    ISBN :CNY0.70
    
●
相关链接 在E读中查询图书 在五车中查询图书 在当当中查询图书 在豆瓣中查询图书


正题名:函授夜大入学考试辅导     索取号:G633.2/22         预约/预借

序号 登录号 条形码 馆藏地/架位号 状态 备注
1 0137486   000473400   密集书库/ [索取号:G633.2/22] 在馆    
2 0137487   000473320   第一样本阅览室/ [索取号:G633.2/22] 在馆    
唐山师范学院图书馆 欢迎您!
大连网信软件有限公司© 版权所有